Water monitoring System using Wireless Sensor Networks [Project BICSE2[ (Record no. 9144)

000 -LEADER
fixed length control field 00607 a2200145 4500
082 ## - DEWEY DECIMAL CLASSIFICATION NUMBER
Classification number BICSE-2
100 ## - MAIN ENTRY--PERSONAL NAME
Personal name Malik Imran Kausar
9 (RLIN) 92329
245 ## - TITLE STATEMENT
Title Water monitoring System using Wireless Sensor Networks [Project BICSE2[
Statement of responsibility, etc. Malik Imran Kausar
260 ## - PUBLICATION, DISTRIBUTION, ETC.
Place of publication, distribution, etc. Islamabad,
Name of publisher, distributor, etc. NUST School of Electrical Engineering & Computer Science,
Date of publication, distribution, etc. 2008.
300 ## - PHYSICAL DESCRIPTION
Extent 78 p.
Other physical details : ill.
Dimensions ; 27 cm. +
Accompanying material CD-ROM
500 ## - GENERAL NOTE
General note Supervisors : Mr. Tahir Azeem, Dr. Syed Ali Khayam.
700 ## - ADDED ENTRY--PERSONAL NAME
Personal name Osama Riaz Khan & Umair Ahmed Bhatti.
9 (RLIN) 92330
856 ## - ELECTRONIC LOCATION AND ACCESS
Uniform Resource Identifier <a href="http://10.250.8.41:8080/xmlui/handle/123456789/8953">http://10.250.8.41:8080/xmlui/handle/123456789/8953</a>
942 ## - ADDED ENTRY ELEMENTS (KOHA)
Koha item type Project Report
Call number prefix BICSE-2 IMR
Source of classification or shelving scheme
Holdings
Withdrawn status Lost status Damaged status Not for loan Permanent Location Current Location Date acquired Total Checkouts Full call number Barcode Date last seen Date last checked out Price effective from Koha item type Source of classification or shelving scheme Shelving location
WITHDRAWN       Central Library (CL) Central Library (CL) 07/04/2022 1 BICSE-2 IMR SEECSP00686 05/19/2014 01/20/2014 11/14/2012 Project Report    
        Central Library (CL) Central Library (CL) 12/26/2019   621.38 BICSE-2 CL-T-4388 12/26/2019   12/26/2019 Thesis   Thesis
© 2023 Central Library, National University of Sciences and Technology. All Rights Reserved.